| LEADER | 00939nam a2200241 u 4500 | ||
|---|---|---|---|
| 001 | 10041924 | ||
| 003 | upatras | ||
| 005 | 20210525133541.0 | ||
| 008 | 011129s1992 gr gre | ||
| 040 | |a GR-PaULI |c GR-PaULI | ||
| 041 | 0 | |a gre | |
| 082 | 0 | 4 | |a QW 504 |
| 100 | 1 | |a Γκέλης, Δημήτριος Ν. |9 31154 | |
| 245 | 1 | 0 | |a Εγκυκλοπαιδικό λεξικό αλλεργίας |c Δημητρίου Ν. Γκέλη |
| 260 | |a Κόρινθος |b [χ.ό.] |c 1992 | ||
| 300 | |a στ', 394 σ. |b φωτ. | ||
| 650 | 4 | |a Αλλεργία |9 21042 | |
| 650 | 4 | |a Ιατρική |x Λεξικά |9 3403 | |
| 852 | |a GR-PaULI |b ΠΑΤΡΑ |b ΙΑΤΡΙΚΗ |k ΑΣΧΕ-10 |h QW 504 ΓΚΕ |m 4030 |p 025000104908 |t 1 | ||
| 942 | |2 ddc |c BK15 | ||
| 952 | |0 0 |1 0 |4 0 |6 QW_504_000000000000000_ΓΚΕ |7 0 |9 29662 |a MEDI |b MEDI |d 2016-04-24 |i 4030 |l 0 |o QW 504 ΓΚΕ |p 025000104908 |r 2016-04-24 00:00:00 |t 1 |w 2016-04-24 |y BK15 | ||
| 998 | |c MANIAKH |d 2001-11 | ||
| 999 | |c 18904 |d 18904 | ||